| 000 | 01645nam a22003857a 4500 | ||
|---|---|---|---|
| 001 | 16542955 | ||
| 003 | OSt | ||
| 005 | 20210421065503.0 | ||
| 008 | 101118s2011 nyu 000 1 eng | ||
| 010 | _a 2010047433 | ||
| 020 | _a9781439189511 (hardcover) | ||
| 020 | _a143918951X (hardcover) | ||
| 035 | _a(OCoLC)ocn682903247 | ||
| 040 |
_aDLC _cDLC _dYDX _dYDXCP _dON8 _dZS3 _dBPT _dILC _dABG _dMLY _dBWX _dBTCTA _dDLC |
||
| 041 | _aeng | ||
| 042 | _apcc | ||
| 050 | 0 | 0 |
_aPS3552.A4325 _bH68 2011 |
| 080 |
_a821.111 _bB-17 |
||
| 082 | 0 | 0 |
_a813/.54 _222 |
| 100 | 1 | _aBaker, Nicholson. | |
| 245 | 1 | 0 |
_aHouse of holes : _ba book of raunch / _cNicholson Baker. |
| 250 | _a1st Simon & Schuster hardcover ed. | ||
| 260 |
_aNew York : _bSimon & Schuster, _c2011. |
||
| 300 |
_a262 p. ; _c23 cm. |
||
| 365 | _b25 usd | ||
| 520 | _aPresents an explicit new tale of carnal improprieties and comic raunchiness set in a surreal but familiar world of fantasy sex. | ||
| 520 | _aA fuse-blowing, sex-positive escapade. Baker returns to erotic territory with a gleefully over-the-top novel set in a pleasure resort where normal rules don't apply. In charge of day-to-day operations is Lila, a former hospital administrator whose breast milk has unusual regenerative properties. | ||
| 650 | 0 |
_aResorts _vFiction. |
|
| 650 | 0 |
_aEnglish literature _9254 |
|
| 653 | _aინგლისური ლიტერატურა | ||
| 655 | 7 |
_aErotic fiction. _2gsafd |
|
| 906 |
_a7 _bcbc _corignew _d1 _eecip _f20 _gy-gencatlg |
||
| 942 |
_2udc _cBK _e1 |
||
| 999 |
_c683 _d683 |
||